A perfect guide for successful human life The Srimad-Bhaggavad -Gita : (Record no. 169103)

MARC details
000 -LEADER
fixed length control field 00625nam a2200193 4500
005 - DATE AND TIME OF LATEST TRANSACTION
control field 20191106102331.0
010 ## - LCCN (DPL NO)
LC control number ENG-126826
020 ## - INTERNATIONAL STANDARD BOOK NUMBER
Terms of availability 250.00
035 ## - SYSTEM CONTROL NUMBER
System control number EN-110358
037 ## - SOURCE OF ACQUISITION
Source of stock number/acquisition DBAD/PUB
082 ## - DEWEY DECIMAL CLASSIFICATION NUMBER
Classification number 181.49
100 ## - MAIN ENTRY--PERSONAL NAME
Personal name Jha, Anil Kumar
245 ## - TITLE STATEMENT
Title A perfect guide for successful human life The Srimad-Bhaggavad -Gita :
Statement of responsibility, etc Anil Kumar Jha [and] Ajit Kumar Bishnoi
Remainder of title made easy to learn and to benefit from /
260 ## - PUBLICATION, DISTRIBUTION, ETC. (IMPRINT)
Place of publication, distribution, etc Delhi
Name of publisher, distributor, etc Ajit Kumar Bishnoi
270 ## - ADDRESS
Electronic mail address spiritual@ajitbishnoi.com
300 ## - PHYSICAL DESCRIPTION
Extent 717p.
Dimensions 21cm(pbk)
700 ## - ADDED ENTRY--PERSONAL NAME
Personal name Bishnoi, Ajit Kumar
942 ## - ADDED ENTRY ELEMENTS (KOHA)
Source of classification or shelving scheme Dewey Decimal Classification
Item type English Books
Classification part 181.49
Call number suffix JHA
Holdings
Withdrawn status Lost status Not for loan Collection code Home library Current library Date acquired Source of acquisition Cost, normal purchase price Full call number Barcode Copy number Cost, replacement price Koha item type
      Non-fiction Sarojini Nagar Sarojini Nagar 06/11/2019 DBAD/PUB 250.00 181.49 JHA EN-110358 1 250.00 English Books

© Delhi Public Library
Hit Counter
free hit counter